| 000 | 02137nam a22001577a 4500 | ||
|---|---|---|---|
| 999 |
_c524132 _d524132 |
||
| 008 | 231030b ||||| |||| 00| 0 eng d | ||
| 100 |
_aRanjan, Rajeev _945228 |
||
| 245 | _aRise of self-assertive role of SC women in Bihar politics: A micro level analysis | ||
| 260 | _aBihar Journal of Public Administration | ||
| 300 | _a20(1), Jan-Jun, 2023: p.182-190 | ||
| 520 | _aScheduled Caste (SC) women bear the triple burden of caste, class and gender since ages. But with the advent of new Panchayati Raj arrangement further revised in 2006, the women of all categories got opportunity to enter into political arena, nevertheless at grassroots level. It has been witnessed that since then women’s political participation has considerably risen, even in macro level politics evident from rising women voters turn out in general elections. It has also been found that women of lower rung of our society, especially SC women, have turned politically more sensitized than the women of rest of the society. To some empirical studies, the factors behind their rise are threefold – new Panchayati Raj arrangements, voluntarism and social capital. Now the question is – are SC women playing substantial role in political affairs at the grassroots level after entering into political institutions? If so what are the roles they played in rural Bihar? What are the factors leading to their (women of SC categories) increasing political participation? In view of these quests, the present paper examines some ground realities of aspects of political roles of SC women in rural Bihar. The article, based on micro level survey, finds that there has been rise in self-assertive roles played by SC women and the major factor responsible for their entry in political arena is – getting rid of problems faced by them in the society. – Reproduced http://www.iipabiharbranch.org/upload/Journal%20Volume%20XX.pdf | ||
| 650 |
_aSC women, Political participation, Self-assertive roles, Panchayati raj, Bihar. _941359 |
||
| 773 | _aBihar Journal of Public Administration | ||
| 906 | _aSCHEDULED CASTES AND SCHEDULED TRIBES | ||
| 942 | _cAR | ||